The WRC victories of Colin McRae - Statistics

General Stats
  • This quiz has been taken 23 times
  • The average score is 21 of 25
Answer Stats
Year Rally % Correct
1994 Rally GB
95%
1995 Rally GB
95%
1997 Rally GB
95%
1996 Acropolis Rally
89%
1998 Acropolis Rally
89%
2000 Acropolis Rally
89%
2001 Acropolis Rally
89%
2002 Acropolis Rally
89%
1996 Rally Catalunya
89%
2000 Rally Catalunya
89%
1998 Rally de Portugal
89%
1999 Rally de Portugal
89%
1996 Rallye Sanremo
89%
1997 Rallye Sanremo
89%
1997 Tour de Corse
89%
1998 Tour de Corse
89%
1993 Rally New Zealand
84%
1994 Rally New Zealand
84%
1995 Rally New Zealand
84%
2001 Rally Argentina
79%
1997 Rally Australia
79%
1997 Safari Rally
74%
1999 Safari Rally
74%
2002 Safari Rally
74%
2001 Cyprus Rally
58%
No matching quizzes found
Score Distribution
Percent of People with Each Score
Percentile by Number Answered
Your Score History
You have not taken this quiz